[Event "VIE-ch (Women)"]
[Site "Hanoi"]
[Date "2024.03.15"]
[Round "7"]
[White "Nguyen, Hong Anh"]
[Black "Tran, Thi Phuong Anh"]
[Result "1-0"]
[WhiteElo "2039"]
[BlackElo "1813"]
[PlyCount "55"]
[EventDate "2024.03.11"]
[EventType "swiss"]
[EventRounds "9"]
[EventCountry "VIE"]
[SourceTitle "CB13_2024"]
[SourceDate "2024.03.27"]
[SourceVersion "1"]
[SourceVersionDate "2024.03.27"]
[SourceQuality "1"]

1. d4 e6 2. g3 Nf6 3. Bg2 c5 4. Nf3 Nc6 5. 0-0 Be7 6. c4 cxd4 7. Nxd4 0-0 8. Nc3 a6 9. Bf4 Qb6 10. Nb3 Qd8 11. Qd2 Nh5 12. Bd6 Bxd6 13. Qxd6 Qe7 14. Rfd1 Qxd6 15. Rxd6 f5 16. Na4 Nf6 17. Nb6 Rb8 18. c5 Kf7 19. Nd2 Ke7 20. Ndc4 Nd8 21. Rd3 Nf7 22. Nd6 Nxd6 23. cxd6+ Kd8 24. Rc1 Ne8 25. f4 Rf6 26. b4 Rh6 27. Rc5 Rf6 28. Nxc8 1-0

[Event "VIE-ch (Women)"]
[Site "Hanoi"]
[Date "2024.03.14"]
[Round "6"]
[White "Vo, Thi Thuy Tien"]
[Black "Nguyen, Hong Anh"]
[Result "0-1"]
[WhiteElo "1763"]
[BlackElo "2039"]
[PlyCount "106"]
[EventDate "2024.03.11"]
[EventType "swiss"]
[EventRounds "9"]
[EventCountry "VIE"]
[SourceTitle "CB13_2024"]
[SourceDate "2024.03.27"]
[SourceVersion "1"]
[SourceVersionDate "2024.03.27"]
[SourceQuality "1"]

1. d4 d5 2. c4 c6 3. Qc2 Nf6 4. Nf3 e6 5. Bf4 Nbd7 6. Nbd2 Be7 7. e3 0-0 8. Be2 c5 9. dxc5 Bxc5 10. 0-0 b6 11. Rac1 Bb7 12. cxd5 Nxd5 13. Qa4 Nxf4 14. Qxf4 Nf6 15. Rfd1 Qe7 16. Nb3 Nd5 17. Qa4 Rac8 18. Nxc5 Rxc5 19. Rxc5 bxc5 20. h3 h6 21. Rd3 Qc7 22. Ra3 Nb4 23. Qa5 Qb6 24. Qxa7 Qxa7 25. Rxa7 Bd5 26. b3 Rd8 27. Ne5 Be4 28. Bc4 Rd1+ 29. Kh2 Rd2 30. Kg3 Bd5 31. a3 Bxc4 32. Ra8+ Kh7 33. Nxc4 Ra2 34. Rf8 Nd5 35. Rxf7 Nc3 36. f3 Ne2+ 37. Kh2 Ra1 38. h4 Nc1 39. h5 Nxb3 40. Re7 Kg8 41. Rxe6 Rc1 42. Ne5 Kf8 43. Rc6 Ke7 44. Kg3 Rc3 45. Kf4 Nc1 46. e4 Ne2+ 47. Kg4 Nd4 48. Ra6 Nc2 49. g3 c4 50. a4 Nb4 51. Rb6 Nd3 52. Nxd3 cxd3 53. Rb4 Rc7 0-1

[Event "VIE-ch (Women)"]
[Site "Hanoi"]
[Date "2024.03.13"]
[Round "5"]
[White "Nguyen, Hong Anh"]
[Black "Nguyen, Binh Vy"]
[Result "0-1"]
[WhiteElo "2039"]
[BlackElo "1849"]
[PlyCount "76"]
[EventDate "2024.03.11"]
[EventType "swiss"]
[EventRounds "9"]
[EventCountry "VIE"]
[SourceTitle "CB13_2024"]
[SourceDate "2024.03.27"]
[SourceVersion "1"]
[SourceVersionDate "2024.03.27"]
[SourceQuality "1"]

1. d4 Nf6 2. c4 c5 3. d5 e6 4. Nc3 exd5 5. cxd5 d6 6. e4 g6 7. f4 Bg7 8. Bb5+ Nfd7 9. a4 0-0 10. Nf3 Na6 11. 0-0 Nb4 12. Re1 a6 13. Bf1 Re8 14. h3 b6 15. Be3 Ra7 16. Bf2 f5 17. Bh4 Bf6 18. exf5 gxf5 19. Ng5 Rxe1 20. Qxe1 Nf8 21. Nf3 Nc2 22. Bxf6 Qxf6 23. Qe8 Nxa1 24. Qxc8 Nc2 25. Qb8 Rg7 26. Qxb6 Nb4 27. Qb8 Qe7 28. Ng5 Qe3+ 29. Kh1 Qf2 30. Bc4 h6 31. Qxd6 hxg5 32. Qh6 Qxf4 33. b3 Ng6 34. d6+ Kf8 35. d7 Qc1+ 36. Kh2 Qf4+ 37. Kh1 Nc6 38. Nd5 Qh4 0-1

[Event "VIE-ch (Women)"]
[Site "Hanoi"]
[Date "2024.03.13"]
[Round "4"]
[White "Nguyen, Ngoc Hien1"]
[Black "Nguyen, Hong Anh"]
[Result "1/2-1/2"]
[WhiteElo "1855"]
[BlackElo "2039"]
[PlyCount "96"]
[EventDate "2024.03.11"]
[EventType "swiss"]
[EventRounds "9"]
[EventCountry "VIE"]
[SourceTitle "CB13_2024"]
[SourceDate "2024.03.27"]
[SourceVersion "1"]
[SourceVersionDate "2024.03.27"]
[SourceQuality "1"]

1. d4 d5 2. Nf3 Nf6 3. e3 e6 4. Bd3 b6 5. c3 Bd6 6. Ne5 0-0 7. 0-0 c5 8. Nd2 Qc7 9. f4 Ba6 10. Bxa6 Nxa6 11. Qf3 Rac8 12. g4 Ne8 13. Nd3 Nb8 14. dxc5 bxc5 15. e4 c4 16. Ne1 Qb7 17. Nc2 Bc5+ 18. Kg2 Nd6 19. e5 Ne4 20. Nxe4 dxe4 21. Qe2 Rfd8 22. Re1 e3+ 23. Qf3 Qb5 24. Rb1 Qa4 25. Qe4 Rd3 26. Re2 Rd1 27. Ra1 Qd7 28. Bxe3 Rxa1 29. Nxa1 Bxe3 30. Qxe3 Rd8 31. Nc2 Qb7+ 32. Kf2 Rd3 33. Qe4 Qxb2 34. Qxc4 Rxc3 35. Qd4 Nc6 36. Qd7 Qb8 37. Nd4 Nxd4 38. Qxd4 Qc7 39. Rd2 g6 40. Ke2 Rh3 41. Kd1 Rc3 42. Ke2 Kg7 43. Rd3 Rxd3 44. Qxd3 Qb6 45. Kf3 Qb2 46. Qd8 Qa3+ 47. Ke4 Qa4+ 48. Kf3 Qa3+ 1/2-1/2

[Event "VIE-ch (Women)"]
[Site "Hanoi"]
[Date "2024.03.12"]
[Round "3"]
[White "Nguyen, Hong Anh"]
[Black "Huynh, Ngoc Thuy Linh"]
[Result "1/2-1/2"]
[WhiteElo "2039"]
[BlackElo "1865"]
[PlyCount "80"]
[EventDate "2024.03.11"]
[EventType "swiss"]
[EventRounds "9"]
[EventCountry "VIE"]
[SourceTitle "CB13_2024"]
[SourceDate "2024.03.27"]
[SourceVersion "1"]
[SourceVersionDate "2024.03.27"]
[SourceQuality "1"]

1. d4 d5 2. c4 e6 3. Nc3 Nf6 4. cxd5 exd5 5. Bg5 Be7 6. e3 c6 7. Bd3 0-0 8. Nge2 Nbd7 9. Qc2 Re8 10. 0-0 Nf8 11. Rad1 Nh5 12. Bxe7 Qxe7 13. a3 Bg4 14. b4 a6 15. Rb1 Nf6 16. Ng3 g6 17. Rfc1 Rec8 18. Na4 N8d7 19. Nc5 Nxc5 20. bxc5 Rc7 21. Rb2 Re8 22. Nf1 Bc8 23. h3 Nh5 24. Nd2 f5 25. Nf3 Nf6 26. Rcb1 Kg7 27. Rb6 Nd7 28. R6b4 Nf6 29. R1b2 Qd8 30. Qb1 Ree7 31. Nd2 Nh5 32. Be2 Nf6 33. Nb3 Qe8 34. Na5 Qf7 35. Rb6 Ne4 36. Qc1 Qf6 37. Bf3 Qf7 38. Qb1 Nc3 39. Qc2 Ne4 40. R2b3 Qe8 1/2-1/2

[Event "VIE-ch (Women)"]
[Site "Hanoi"]
[Date "2024.03.11"]
[Round "2"]
[White "Dao, Thien Kim"]
[Black "Nguyen, Hong Anh"]
[Result "1/2-1/2"]
[WhiteElo "1822"]
[BlackElo "2039"]
[PlyCount "125"]
[EventDate "2024.03.11"]
[EventType "swiss"]
[EventRounds "9"]
[EventCountry "VIE"]
[SourceTitle "CB13_2024"]
[SourceDate "2024.03.27"]
[SourceVersion "1"]
[SourceVersionDate "2024.03.27"]
[SourceQuality "1"]

1. d4 Nf6 2. c4 c6 3. Nc3 d5 4. Nf3 e6 5. Bg5 h6 6. Bh4 dxc4 7. e4 g5 8. Bg3 Bb4 9. Qc2 Qa5 10. Nd2 b5 11. Be2 Nbd7 12. 0-0 h5 13. h3 Qb6 14. Rad1 Bb7 15. a3 Be7 16. Rfe1 h4 17. Bh2 Rg8 18. Nf1 0-0-0 19. Ne3 Nf8 20. Qd2 Ng6 21. Ng4 Nxg4 22. Bxg4 Bf6 23. e5 Be7 24. Qe3 Kb8 25. Ne4 Ka8 26. Nxg5 Nxe5 27. Nxf7 Nxg4 28. hxg4 Rde8 29. Qxe6 Bc8 30. Qe5 Bxg4 31. Nh6 Bd8 32. Qxe8 Rxe8 33. Rxe8 Bxd1 34. Nf7 Kb7 35. Rxd8 Qa5 36. Rd7+ Ka6 37. Re7 Qd2 38. Nd8 Bf3 39. Bb8 c5 40. Rxa7+ Kb6 41. dxc5+ Kxc5 42. Ne6+ Kb6 43. gxf3 Qe1+ 44. Kg2 Qxe6 45. Rg7 Qf6 46. Rg4 Qxb2 47. Bd6 h3+ 48. Kxh3 Qxf2 49. Bb4 Qxf3+ 50. Rg3 Qh1+ 51. Kg4 Kc6 52. Kf4 Qh4+ 53. Kf3 Kd5 54. Rg4 Qh1+ 55. Ke2 Qc1 56. Rg3 Qc2+ 57. Ke1 Ke4 58. Rc3 Qb1+ 59. Kd2 Kd4 60. Rc1 Qd3+ 61. Ke1 Qg3+ 62. Kd1 Qb3+ 63. Kd2 1/2-1/2

[Event "AUS-ch"]
[Site "Adelaide"]
[Date "2024.01.08"]
[Round "8"]
[White "Nguyen, Hong Anh"]
[Black "Ryjanova, Julia"]
[Result "1-0"]
[WhiteElo "2020"]
[BlackElo "2285"]
[PlyCount "175"]
[EventDate "2024.01.02"]
[EventType "swiss"]
[EventRounds "11"]
[EventCountry "AUS"]
[SourceTitle "CB03_2024"]
[SourceDate "2024.01.17"]
[SourceVersion "1"]
[SourceVersionDate "2024.01.17"]
[SourceQuality "1"]

1. e4 c6 2. d4 d5 3. e5 Bf5 4. Nf3 e6 5. Be2 Nd7 6. 0-0 h6 7. Re1 Ne7 8. Nbd2 g5 9. Nf1 Bg7 10. a4 c5 11. c3 cxd4 12. cxd4 Nc6 13. Ng3 Bg6 14. Bd3 Bxd3 15. Qxd3 Qb6 16. Be3 Nb4 17. Qe2 g4 18. Nh4 h5 19. Qd2 Bf8 20. a5 Qb5 21. Bg5 Qd3 22. Qf4 Qh7 23. Red1 a6 24. f3 Rg8 25. fxg4 hxg4 26. Qxg4 Rxg5 27. Qxg5 Be7 28. Qg4 Qxh4 29. Qg8+ Nf8 30. Rac1 Nc6 31. Rc2 Qh7 32. Qxh7 Nxh7 33. Rf2 Rc8 34. Rdf1 Nd8 35. Rf4 Bg5 36. Rg4 Rc4 37. Nh5 Kf8 38. Re1 Rc1 39. Rxc1 Bxc1 40. h4 Bh6 41. Rg3 Nc6 42. Rc3 Bd2 43. Rg3 Ke7 44. Rg7 Nf8 45. Nf6 Be3+ 46. Kf1 Bxd4 47. Ng8+ Ke8 48. Nf6+ Kd8 49. Rxf7 Ng6 50. h5 Ngxe5 51. Rxb7 Nc4 52. Rd7+ Kc8 53. Rf7 Ne3+ 54. Ke2 Nxg2 55. Ne8 Be5 56. h6 Nf4+ 57. Kd2 Kd8 58. Ng7 Ng6 59. b4 Bf4+ 60. Rxf4 Nxf4 61. Nxe6+ Nxe6 62. h7 Nxb4 63. h8Q+ Kd7 64. Qh7+ Kd6 65. Qb7 Nc6 66. Qxa6 Nc5 67. Qb6 Nd7 68. Qb5 Nd4 69. Qb4+ Nc5 70. a6 Nc6 71. Qa3 Na7 72. Qg3+ Kc6 73. Qb8 Nb5 74. a7 Nb3+ 75. Ke3 d4+ 76. Kd3 Nc5+ 77. Kc4 Nd6+ 78. Qxd6+ Kxd6 79. a8Q Ne6 80. Qa5 Kd7 81. Qb6 Ke7 82. Kd5 Nd8 83. Qd6+ Ke8 84. Qc7 d3 85. Ke5 d2 86. Kf6 Nc6 87. Qxc6+ Kd8 88. Qd6+ 1-0

[Event "AUS-ch"]
[Site "Adelaide"]
[Date "2024.01.03"]
[Round "2"]
[White "Hernandez Mendez, Iker"]
[Black "Nguyen, Hong Anh"]
[Result "0-1"]
[WhiteElo "1834"]
[BlackElo "2020"]
[PlyCount "108"]
[EventDate "2024.01.02"]
[EventType "swiss"]
[EventRounds "11"]
[EventCountry "AUS"]
[SourceTitle "CB03_2024"]
[SourceDate "2024.01.17"]
[SourceVersion "1"]
[SourceVersionDate "2024.01.17"]
[SourceQuality "1"]

1. e4 c5 2. Nf3 Nc6 3. d4 cxd4 4. Nxd4 Nf6 5. Nc3 d6 6. Bg5 e6 7. Qd2 Be7 8. 0-0-0 0-0 9. f4 h6 10. Bh4 Nxd4 11. Qxd4 Qa5 12. Kb1 e5 13. Qf2 exf4 14. Nd5 Nxd5 15. Rxd5 Bxh4 16. Qxh4 Qb4 17. Bd3 Be6 18. a3 Qb6 19. Rh5 Qd4 20. g4 f6 21. Rd1 g5 22. Qh3 Qe3 23. Qxe3 fxe3 24. Be2 Bf7 25. Rxh6 Kg7 26. Rh3 Rh8 27. Rxe3 Rxh2 28. Rxd6 Rh1+ 29. Bd1 Re8 30. Kc1 Be6 31. Kd2 Rg1 32. e5 fxe5 33. Kc3 Kf6 34. Rd2 Rc8+ 35. Kb4 Rc4+ 36. Kb5 Rd4 37. Rf3+ Ke7 38. Rxd4 exd4 39. Rd3 Bxg4 40. Bxg4 Rxg4 41. c3 dxc3 42. Rxc3 Rd4 43. Rc5 g4 44. Rc7+ Rd7 45. Rc4 Rd5+ 46. Kb4 Rg5 47. Rc1 g3 48. Kc4 g2 49. Rg1 Rg3 50. Kd5 Kf6 51. Ke4 Kg5 52. b4 Kg4 53. a4 Kh3 54. Kf4 Kh2 0-1

[Event "AUS-ch"]
[Site "Adelaide"]
[Date "2024.01.02"]
[Round "1"]
[White "Nguyen, Hong Anh"]
[Black "Solomon, Stephen J"]
[Result "0-1"]
[WhiteElo "2020"]
[BlackElo "2277"]
[PlyCount "76"]
[EventDate "2024.01.02"]
[EventType "swiss"]
[EventRounds "11"]
[EventCountry "AUS"]
[SourceTitle "CB03_2024"]
[SourceDate "2024.01.17"]
[SourceVersion "1"]
[SourceVersionDate "2024.01.17"]
[SourceQuality "1"]

1. d4 Nf6 2. g3 e6 3. Bg2 c5 4. Nf3 d5 5. c4 Nc6 6. cxd5 exd5 7. 0-0 Be6 8. Nc3 Be7 9. Be3 cxd4 10. Nxd4 0-0 11. Rc1 Re8 12. Ncb5 Qd7 13. Nxe6 fxe6 14. Bh3 Bf8 15. Nd4 Rac8 16. Qd3 Qf7 17. Qb5 Nxd4 18. Bxd4 a6 19. Qb6 Qd7 20. Rxc8 Qxc8 21. Be3 Qd7 22. Rc1 Bd6 23. a4 h6 24. Bd4 Ne4 25. Bg2 Bb8 26. b3 Rc8 27. Rd1 Rc6 28. Qa5 Bc7 29. Qe1 Rc2 30. f3 e5 31. fxe4 exd4 32. exd5 Qe7 33. Bf3 Qe3+ 34. Kg2 d3 35. Rxd3 Qxd3 36. Qb4 Rxe2+ 37. Bxe2 Qxe2+ 38. Kg1 Qd1+ 0-1

[Event "VIE-ch (Women)"]
[Site "Ha Tien"]
[Date "2023.09.15"]
[Round "6"]
[White "Ha, Phuong Hoang Mai"]
[Black "Nguyen, Hong Anh"]
[Result "0-1"]
[WhiteElo "1884"]
[BlackElo "1973"]
[PlyCount "140"]
[EventDate "2023.09.13"]
[EventType "swiss"]
[EventRounds "9"]
[EventCountry "VIE"]
[SourceTitle "EXT 2024"]
[Source "ChessBase"]
[SourceDate "2023.10.10"]
[SourceVersion "1"]
[SourceVersionDate "2023.10.10"]
[SourceQuality "1"]

1. Nf3 d5 2. g3 c5 3. Bg2 Nc6 4. c4 d4 5. d3 Nf6 6. 0-0 e5 7. e3 Bd6 8. exd4 cxd4 9. Bg5 h6 10. Bxf6 Qxf6 11. Nbd2 Bc7 12. a3 a5 13. Qa4 Bd7 14. Qb5 Nd8 15. Ne4 Qe7 16. Qc5 Ne6 17. Qxe7+ Kxe7 18. b4 Ra7 19. Ned2 Rha8 20. Nb3 axb4 21. axb4 Rxa1 22. Rxa1 Ra4 23. Rxa4 Bxa4 24. Nbd2 b6 25. Kf1 Bd6 26. Ke2 g5 27. Bh3 Bd7 28. Ne4 Bc7 29. b5 f6 30. Kd1 Be8 31. Bf5 Ng7 32. Bc8 Ne6 33. g4 Nf4 34. Kd2 h5 35. Ng3 Bg6 36. gxh5 Nxh5 37. Nxh5 Bxh5 38. Ne1 Bg6 39. f3 f5 40. Bb7 Kd6 41. Ng2 Kc5 42. h4 Bd8 43. hxg5 Bxg5+ 44. Kc2 e4 45. Bd5 Bh5 46. fxe4 f4 47. Nxf4 Bxf4 48. Be6 Be2 49. Bf5 Kd6 50. Bh7 Ke5 51. Bg6 Kf6 52. Bh7 Be5 53. Kd2 Bf1 54. Bg8 Kg5 55. c5 bxc5 56. Bc4 Kf4 57. b6 Kf3 58. Ba6 Bh3 59. Bb7 Be6 60. Ba6 Bb8 61. Bb5 Kf4 62. Ba6 Ke5 63. Kc2 Kd6 64. Bb7 c4 65. dxc4 Bxc4 66. Bc8 Kc5 67. b7 d3+ 68. Kd1 Bf4 69. Bg4 Kd4 70. Ke1 Kxe4 0-1

[Event "Titled Tuesday intern op 05th Sep Early"]
[Site "Chess.com INT"]
[Date "2023.09.05"]
[Round "2"]
[White "Gutkin, Ilya"]
[Black "Nguyen, Hong Anh"]
[Result "1-0"]
[WhiteElo "2276"]
[BlackElo "1973"]
[PlyCount "71"]
[EventDate "2023.09.05"]
[EventType "swiss (blitz)"]
[EventRounds "11"]
[EventCountry "USA"]
[SourceTitle "EXT 2024"]
[Source "ChessBase"]
[SourceDate "2023.10.10"]
[SourceVersion "1"]
[SourceVersionDate "2023.10.10"]
[SourceQuality "1"]

1. e4 c5 2. Nf3 Nc6 3. Bb5 g6 4. 0-0 Bg7 5. Re1 Nf6 6. h3 0-0 7. c3 Qb6 8. Bf1 Rd8 9. Na3 d5 10. e5 Ne8 11. d4 f6 12. exf6 Nxf6 13. Qb3 Qxb3 14. axb3 Ne4 15. Bf4 cxd4 16. cxd4 Nxd4 17. Nxd4 Bxd4 18. Nb5 Bxf2+ 19. Kh2 Bxe1 20. Rxe1 Bd7 21. Nc7 Rac8 22. Nxd5 Bc6 23. Nxe7+ Kf7 24. Nxc8 Rxc8 25. Bc4+ Kf6 26. Rf1 Ke7 27. Bh6 Nd6 28. Bg5+ Kd7 29. Rd1 Rf8 30. Bh4 h6 31. Bg3 Rf6 32. Be5 Rf2 33. Rxd6+ Ke7 34. Rxg6 Be4 35. Rg7+ Kf8 36. Rg4 1-0

[Event "Titled Tuesday intern op 15th Aug Early"]
[Site "Chess.com INT"]
[Date "2023.08.15"]
[Round "7"]
[White "Rian, Kapriaga"]
[Black "Nguyen, Hong Anh"]
[Result "0-1"]
[WhiteElo "2089"]
[BlackElo "1973"]
[PlyCount "56"]
[EventDate "2023.08.15"]
[EventType "swiss (blitz)"]
[EventRounds "11"]
[EventCountry "USA"]
[SourceTitle "EXT 2024"]
[Source "ChessBase"]
[SourceDate "2023.10.10"]
[SourceVersion "1"]
[SourceVersionDate "2023.10.10"]
[SourceQuality "1"]

1. d4 Nf6 2. Nf3 g6 3. Bg5 Ne4 4. Bh4 Bg7 5. e3 0-0 6. Nbd2 d5 7. Be2 c5 8. c3 Nc6 9. 0-0 Qb6 10. Qb3 Nxd2 11. Nxd2 e5 12. dxe5 Nxe5 13. Rfd1 Be6 14. Qxb6 axb6 15. a3 h6 16. Nf3 Nc6 17. Bg3 Rfc8 18. h3 d4 19. exd4 cxd4 20. cxd4 Bd5 21. Ne5 Na5 22. Rac1 Nb3 23. Rxc8+ Rxc8 24. Bf3 Rd8 25. Rd3 Bxf3 26. Rxb3 Be4 27. Rxb6 Rxd4 28. Rxb7 Bxb7 0-1

[Event "Titled Tuesday intern op 11th Apr Early"]
[Site "Chess.com INT"]
[Date "2023.04.11"]
[Round "3"]
[White "Korchmar, Vasiliy"]
[Black "Nguyen, Hong Anh"]
[Result "1-0"]
[WhiteElo "2438"]
[BlackElo "1970"]
[PlyCount "57"]
[EventDate "2023.04.11"]
[EventType "swiss (blitz)"]
[EventRounds "11"]
[EventCountry "USA"]
[SourceTitle "CBM 213 Extra"]
[Source "ChessBase"]
[SourceDate "2023.05.31"]
[SourceVersion "1"]
[SourceVersionDate "2023.05.31"]
[SourceQuality "1"]

1. e4 c5 2. Nf3 Nc6 3. d4 cxd4 4. Nxd4 g6 5. c4 Nf6 6. Nc3 d6 7. f3 Nxd4 8. Qxd4 Bg7 9. Be3 0-0 10. Qd2 Be6 11. Rc1 Qa5 12. Nd5 Qxa2 13. Nxe7+ Kh8 14. Be2 Rfe8 15. Nd5 Bxd5 16. cxd5 Nd7 17. 0-0 Rac8 18. Bb5 Rcd8 19. Rc7 Re7 20. Rxb7 Bf6 21. Rxa7 Qb3 22. Bc6 Ne5 23. Rxe7 Nc4 24. Rb7 Qa2 25. Qe2 Nxe3 26. Qxe3 Qc4 27. Rd1 Qc2 28. Qd3 Qc5+ 29. Kh1 1-0

[Event "Titled Tuesday intern op 11th Apr Early"]
[Site "Chess.com INT"]
[Date "2023.04.11"]
[Round "11"]
[White "Mikhailovsky, Vladimir"]
[Black "Nguyen, Hong Anh"]
[Result "0-1"]
[WhiteElo "2215"]
[BlackElo "1970"]
[PlyCount "50"]
[EventDate "2023.04.11"]
[EventType "swiss (blitz)"]
[EventRounds "11"]
[EventCountry "USA"]
[SourceTitle "CBM 213 Extra"]
[Source "ChessBase"]
[SourceDate "2023.05.31"]
[SourceVersion "1"]
[SourceVersionDate "2023.05.31"]
[SourceQuality "1"]

1. g4 d5 2. Bg2 Bxg4 3. c4 e6 4. Qb3 Nd7 5. Qxb7 Ngf6 6. cxd5 exd5 7. Nc3 Be6 8. Nf3 Bd6 9. Nd4 0-0 10. d3 Re8 11. Bg5 Rb8 12. Qxa7 Rxb2 13. Nb3 Bb4 14. Bd2 Bg4 15. f3 Bf5 16. Nd1 Rc2 17. Ne3 Rxd2 18. Nxd2 Bc5 19. Qa5 Bxe3 20. Nf1 Bb6 21. Qd2 Qa8 22. Qc2 Nc5 23. Kd1 Bd7 24. a4 Nxa4 25. Nd2 Qa5 0-1

[Event "Titled Tuesday intern op 11th Apr Early"]
[Site "Chess.com INT"]
[Date "2023.04.11"]
[Round "4"]
[White "Nguyen, Hong Anh"]
[Black "Havas, Ladislav"]
[Result "1-0"]
[WhiteElo "1970"]
[BlackElo "2202"]
[PlyCount "79"]
[EventDate "2023.04.11"]
[EventType "swiss (blitz)"]
[EventRounds "11"]
[EventCountry "USA"]
[SourceTitle "CBM 213 Extra"]
[Source "ChessBase"]
[SourceDate "2023.05.31"]
[SourceVersion "1"]
[SourceVersionDate "2023.05.31"]
[SourceQuality "1"]

1. d4 Nf6 2. c4 e5 3. dxe5 Ne4 4. Nf3 d6 5. exd6 Bxd6 6. e3 Nc6 7. Be2 Bf5 8. 0-0 Qf6 9. Nbd2 0-0-0 10. Qa4 Nc5 11. Qa3 Nd3 12. Qa4 Nxb2 13. Qb3 Nd3 14. Rb1 Nc5 15. Qa3 Bxb1 16. Nxb1 g5 17. Bb2 Qh6 18. Bxh8 Rxh8 19. Qb2 Rd8 20. h3 f5 21. Nd4 g4 22. Nxf5 Qg5 23. Nxd6+ Rxd6 24. Bxg4+ Kb8 25. Nd2 h5 26. Bf3 Ne5 27. Be2 b6 28. Nf3 Nxf3+ 29. Bxf3 Rd8 30. Rd1 h4 31. Rxd8+ Qxd8 32. Qe5 a5 33. Bd5 Ka7 34. Qf5 a4 35. Qg6 a3 36. Qc6 Qb8 37. e4 Qd8 38. e5 Ka6 39. e6 Ka7 40. e7 1-0

[Event "Titled Tuesday intern op 04th Apr Early"]
[Site "Chess.com INT"]
[Date "2023.04.04"]
[Round "6"]
[White "Kraus, Tomas"]
[Black "Nguyen, Hong Anh"]
[Result "1/2-1/2"]
[WhiteElo "2474"]
[BlackElo "1970"]
[PlyCount "52"]
[EventDate "2023.04.04"]
[EventType "swiss (blitz)"]
[EventRounds "11"]
[EventCountry "USA"]
[SourceTitle "EXT 2024"]
[Source "ChessBase"]
[SourceDate "2023.10.10"]
[SourceVersion "1"]
[SourceVersionDate "2023.10.10"]
[SourceQuality "1"]

1. e4 c5 2. Nc3 Nc6 3. f4 g6 4. Nf3 Bg7 5. g3 e6 6. Bg2 Nge7 7. 0-0 0-0 8. d3 d5 9. e5 Nf5 10. g4 Nfd4 11. g5 b5 12. h4 Nf5 13. Bh3 b4 14. Ne2 c4 15. Bxf5 exf5 16. dxc4 dxc4 17. Qxd8 Rxd8 18. Be3 Be6 19. Rfd1 Bd5 20. Nfd4 Bf8 21. Kf2 a6 22. Nxc6 Bxc6 23. Bb6 Rdb8 24. Be3 Rd8 25. Bb6 Rdb8 26. Be3 Rd8 1/2-1/2

[Event "Titled Tuesday intern op 04th Apr Early"]
[Site "Chess.com INT"]
[Date "2023.04.04"]
[Round "10"]
[White "Nguyen, Hong Anh"]
[Black "Martic, Ivan"]
[Result "1-0"]
[WhiteElo "1970"]
[BlackElo "2294"]
[PlyCount "85"]
[EventDate "2023.04.04"]
[EventType "swiss (blitz)"]
[EventRounds "11"]
[EventCountry "USA"]
[SourceTitle "EXT 2024"]
[Source "ChessBase"]
[SourceDate "2023.10.10"]
[SourceVersion "1"]
[SourceVersionDate "2023.10.10"]
[SourceQuality "1"]

1. d4 d5 2. c4 Nc6 3. cxd5 Qxd5 4. e3 e5 5. Nc3 Bb4 6. Bd2 Bxc3 7. bxc3 Nge7 8. c4 Qd6 9. d5 Nb8 10. Nf3 Nd7 11. Be2 0-0 12. 0-0 Nc5 13. Bb4 b6 14. Nd2 f5 15. Nb3 a5 16. Nxc5 bxc5 17. Ba3 Bd7 18. Rb1 Rfb8 19. Qc2 Rb4 20. Bxb4 axb4 21. Qb2 Ra3 22. Rfd1 e4 23. Rd2 Ng6 24. Bd1 Ne5 25. Bb3 Ng4 26. g3 Ne5 27. Kg2 Nf3 28. Rdd1 Qh6 29. h4 Ra6 30. Rh1 Rg6 31. Bd1 f4 32. exf4 Qxf4 33. Qc1 Qf6 34. Qe3 Nxh4+ 35. Kf1 Nf5 36. Qf4 Nxg3+ 37. fxg3 Qc3 38. Kg2 Rf6 39. Qxe4 Bf5 40. Qe8+ Rf8 41. Qe2 Bxb1 42. Ba4 Bd3 43. Qe3 1-0

[Event "Titled Tuesday intern op 04th Apr Early"]
[Site "Chess.com INT"]
[Date "2023.04.04"]
[Round "9"]
[White "Nguyen, Hong Anh"]
[Black "Romero Ruscalleda, Josep"]
[Result "1-0"]
[WhiteElo "1970"]
[BlackElo "2179"]
[PlyCount "71"]
[EventDate "2023.04.04"]
[EventType "swiss (blitz)"]
[EventRounds "11"]
[EventCountry "USA"]
[SourceTitle "EXT 2024"]
[Source "ChessBase"]
[SourceDate "2023.10.10"]
[SourceVersion "1"]
[SourceVersionDate "2023.10.10"]
[SourceQuality "1"]

1. e4 g6 2. d4 Bg7 3. Nf3 d6 4. Be2 Nf6 5. Nc3 0-0 6. 0-0 a6 7. h3 b5 8. e5 Nfd7 9. Bf4 Nc6 10. Re1 dxe5 11. dxe5 Ndxe5 12. Nxe5 Nxe5 13. Bxe5 Bxe5 14. Bf3 Bxc3 15. bxc3 Be6 16. Bxa8 Qxa8 17. a4 Qc6 18. axb5 axb5 19. Qd4 Re8 20. Re5 Bc4 21. Rae1 e6 22. h4 Re7 23. h5 Rd7 24. Qf4 f5 25. Qg5 Kg7 26. hxg6 hxg6 27. R5e3 Bd5 28. Rg3 e5 29. Qxf5 Re7 30. Rxe5 Rf7 31. Qg5 Be4 32. Re7 Bxc2 33. Rxf7+ Kxf7 34. Rf3+ Kg7 35. Qe7+ Kh6 36. Rh3# 1-0

[Event "Perth op"]
[Site "Perth"]
[Date "2023.01.07"]
[Round "8"]
[White "Kargosha, Bahman"]
[Black "Nguyen, Hong Anh"]
[Result "1-0"]
[WhiteElo "2096"]
[BlackElo "1954"]
[PlyCount "49"]
[EventDate "2023.01.02"]
[EventType "swiss"]
[EventRounds "11"]
[EventCountry "AUS"]
[SourceTitle "CBM 212 Extra"]
[Source "ChessBase"]
[SourceDate "2023.03.31"]
[SourceVersion "1"]
[SourceVersionDate "2023.03.31"]
[SourceQuality "1"]

1. d4 Nf6 2. c4 g6 3. Nc3 d5 4. cxd5 Nxd5 5. e4 Nxc3 6. bxc3 Bg7 7. Bb5+ Bd7 8. Be2 c5 9. Nf3 cxd4 10. cxd4 Bg4 11. Rb1 Bxf3 12. Bxf3 Qxd4 13. Qxd4 Bxd4 14. Rxb7 Nd7 15. Ba3 Rc8 16. 0-0 Bb6 17. Bg4 Rc7 18. Rxc7 Bxc7 19. Rc1 Bd8 20. Bb2 f6 21. Be6 Nf8 22. Bb3 Bb6 23. e5 Nd7 24. Ba4 fxe5 25. Rc8+ 1-0

[Event "Perth op"]
[Site "Perth"]
[Date "2023.01.06"]
[Round "7"]
[White "Nguyen, Hong Anh"]
[Black "Vo, Thi Kim Phung"]
[Result "0-1"]
[WhiteElo "1954"]
[BlackElo "2343"]
[PlyCount "110"]
[EventDate "2023.01.02"]
[EventType "swiss"]
[EventRounds "11"]
[EventCountry "AUS"]
[SourceTitle "CBM 212 Extra"]
[Source "ChessBase"]
[SourceDate "2023.03.31"]
[SourceVersion "1"]
[SourceVersionDate "2023.03.31"]
[SourceQuality "1"]

1. d4 Nf6 2. c4 e6 3. Nf3 d5 4. g3 dxc4 5. Bg2 c5 6. 0-0 Nc6 7. dxc5 Qxd1 8. Rxd1 Bxc5 9. Nbd2 c3 10. bxc3 0-0 11. Nb3 Be7 12. Nfd4 Nxd4 13. cxd4 Nd5 14. e4 Nc3 15. Re1 Bd7 16. Bd2 Rac8 17. Bf1 Ba3 18. Nc5 Bxc5 19. dxc5 Na4 20. Bb4 Nxc5 21. Red1 Ba4 22. Rd4 b5 23. Rc1 Nb7 24. Rxc8 Rxc8 25. Rd7 Nd8 26. a3 Nc6 27. Rb7 Nxb4 28. axb4 a6 29. Ra7 g5 30. Be2 Rc1+ 31. Kg2 Bd1 32. Bxd1 Rxd1 33. Rxa6 Rd4 34. f3 Rxb4 35. g4 Kg7 36. Ra7 Kf6 37. e5+ Kg6 38. Ra8 Rb2+ 39. Kg3 Re2 40. Rg8+ Kh6 41. f4 Re3+ 42. Kf2 gxf4 43. h4 b4 44. Rb8 Rb3 45. Rg8 Rg3 46. g5+ Kh5 47. Rg7 Kxh4 48. Rxf7 Kg4 49. Rf6 b3 50. Rxe6 b2 51. Rb6 Rh3 52. e6 Rh2+ 53. Kg1 Kg3 54. e7 f3 55. Rb3 Rc2 0-1